000
00277nam a22001337a 4500
008
170210b xxu||||| |||| 00| 0 eng d
020
_a
1572850736
041
_a
eng
080
_a
61
100
_a
4
101
_a
SHM
245
_a
MENTAL HEALTH
_c
JELLINEK, M
942
_2
udc
_c
BK
999
_c
5071
_d
5071